The collected papers of Emil Artin /
Guardado en:
| Autor Principal: | |
|---|---|
| Otros Autores: | , |
| Formato: | Libro |
| Idioma: | English German |
| Publicado: |
Reading, Mass. :
Addison-Wesley,
c1965.
|
| Materias: | |
| Etiquetas: |
Agregar Etiqueta
Sin Etiquetas, Sea el primero en etiquetar este registro!
|
| LEADER | 00895nam a22002535a 4500 | ||
|---|---|---|---|
| 001 | MAT.inmabb003957 | ||
| 008 | 840523s1965####mauac####b####000#0#eng## | ||
| 005 | 20130208115636.0 | ||
| 245 | 1 | 4 | |a The collected papers of Emil Artin / |c edited by Serge Lang, John T. Tate. |
| 260 | |a Reading, Mass. : |b Addison-Wesley, |c c1965. | ||
| 300 | |a xvi, 560 p. : |b il., retr. ; |c 24 cm. | ||
| 500 | |a "This volume includes all of Artin's papers."--Preface. | ||
| 546 | |a Inglés o alemán. | ||
| 504 | |a Incluye referencias bibliográficas. | ||
| 510 | 4 | |a MR, |c 83j:01083 | |
| 100 | 1 | |a Artin, Emil, |d 1898-1962. | |
| 700 | 1 | |a Lang, Serge, |d 1927-2005. |4 edt | |
| 700 | 1 | |a Tate, John Torrence, |d 1925- |4 edt | |
| 650 | 0 | |a Mathematics |x Addresses, essays, lectures. | |
| 084 | |a 01A75 |2 msc2000 | ||
| 010 | |a 65014746 | ||
| 040 | |a DLC/ICU |c ICU |d DLC | ||
| 041 | 0 | |a eng |a ger | |
| 859 | |h 01A75 |i Ar791 |p A-2594 |b BIB. MATEMATICA | ||
